| 000 | 00612nam a22002057a 4500 | ||
|---|---|---|---|
| 003 | OSt | ||
| 005 | 20260422031056.0 | ||
| 008 | 260422b |||||||| |||| 00| 0 eng d | ||
| 020 | _a0-07-145687-2. | ||
| 040 |
_aDWC-Main lib. _cOC |
||
| 082 |
_23rd ed. _aCirc. 515 B869s 2006 |
||
| 100 | _aBronson, Richard | ||
| 245 |
_aSchaum's outline of differential equations/ _cRichard Bronson |
||
| 260 |
_aN. Y. : _bMcGraw-Hill, _cc2006. |
||
| 300 |
_axiv, 385 p. ; _c27 cm. |
||
| 504 | _aIncludes index. | ||
| 650 | _a1. Differential equations. | ||
| 760 | _b3rd ed. | ||
| 942 |
_2ddc _cBK-CIRC _e3rd ed. _hCirc. _n0 |
||
| 999 |
_c9657 _d9657 |
||